000 00530cam a22002174a 4500
020 _a0140447180
020 _a9780140447187
040 _cDLC
041 1 _hita
082 0 0 _a730 PEN 1998 A086 Or.
082 1 4 _aB
100 1 _aCellini, Benvenuto,
245 1 4 _aThe autobiography of Benvenuto Cellini /
250 _aRev. ed.
260 _aNew York, N.Y. :
_bPenguin Books,
_c1998.
300 _axxvii, 465 p. ;
_c20 cm.
490 1 _aPenguin classics
650 0 _aSculptors
700 1 _aBull, George,
942 _cEK
999 _c13007
_d13007